logo image

ਦਰਸ਼ਨ -ਦਿਗਦ੍ਰਸ਼ਨ (Record no. 44352)

MARC details
000 -LEADER
fixed length control field 00449nam a22001697a 4500
003 - CONTROL NUMBER IDENTIFIER
control field OSt
005 - DATE AND TIME OF LATEST TRANSACTION
control field 20260330125343.0
008 - FIXED-LENGTH DATA ELEMENTS--GENERAL INFORMATION
fixed length control field 260330b |||||||| |||| 00| 0 Pun d
020 ## - INTERNATIONAL STANDARD BOOK NUMBER
International Standard Book Number 9781989310434
040 ## - CATALOGING SOURCE
Transcribing agency BGL
100 ## - MAIN ENTRY--PERSONAL NAME
Personal name ਰਾਹੁਲ ਸੰਕ੍ਰਿਤਯਾਯੰ
245 ## - TITLE STATEMENT
Title ਦਰਸ਼ਨ -ਦਿਗਦ੍ਰਸ਼ਨ
260 ## - PUBLICATION, DISTRIBUTION, ETC.
Place of publication, distribution, etc. Sangrur
Name of publisher, distributor, etc. Autumn Art India
Date of publication, distribution, etc. 2019
300 ## - PHYSICAL DESCRIPTION
Extent 384p
650 ## - SUBJECT ADDED ENTRY--TOPICAL TERM
Topical term or geographic name entry element Punjabi
942 ## - ADDED ENTRY ELEMENTS (KOHA)
Source of classification or shelving scheme Dewey Decimal Classification
Koha item type GB
Holdings
Withdrawn status Lost status Source of classification or shelving scheme Damaged status Not for loan Home library Current library Date acquired Source of acquisition Cost, normal purchase price Discount Net Cost Total Checkouts Full call number Barcode Date last seen Cost, replacement price Price effective from Koha item type
    Dewey Decimal Classification     BGL BGL 18.03.2026 Global Books Distributors : 296 350.00 20% 280.00   891.423 SAN:D 69608 30.03.2026 350.00 30.03.2026 GB

Powered by Koha